000 00662nam a2200241Ia 4500
003 OSt
005 20221006144528.0
006 a|||||r|||| 00| 0
007 ta
008 221006b |||||||| |||| 00| 0 eng d
020 _a817041623X
_c350.00 (each)
024 _a11,896
037 _cTextual
040 _aEASL
_cEASL
_beng
041 _2eng
_aeng
082 _aV41:192.N49, N2;1
100 _aSaksena Shalini
_9390899
245 0 _aIndia China and the revolution
260 _aNew Delhi
_bAnmol Pub.
_c1992
300 _a246p.
_ccm.
942 _hV41:192.N49, N2;1
_cTEXL
_2CC
999 _c1079982
_d1079982